000 00314nam a2200121Ia 4500
005 20251222155037.0
008 251222s9999||||xx |||||||||||||| ||spa||
082 _aMEQ.312
100 _aMinisterio de Saúde
245 0 _aAbordagem nutricional em diabetes mellitus
264 _bMinisterio de Saúde
942 _cLIB
999 _c36801
_d36801